MARC

LEADER 00000nam0a2200000 4500
001 300240
005 20231102001300.0
020 |a RU  |b 83-9277 
035 |a (RuTPU)RU\TPU\book\325393 
090 |a 300240 
100 |a 20150708d1982 km y0rusy5003 ca 
101 0 |a rus 
102 |a RU 
105 |a a z 001zy 
200 1 |a Монтаж стальных и железобетонных конструкций  |f В. С. Корниенко, А. В. Корниенко, М. А. Рзаев 
205 |a 2-е изд., перераб. и доп. 
205 |a 2-е изд., перераб. и доп. 
210 |a Москва  |c Стройиздат  |d 1982 
215 |a 208 с.  |c ил. 
225 1 |a Повышение мастерства рабочих строительства и промышленности строительных материалов 
305 |a Загл. 1-го изд.: Монтаж стальных и сборных железобетонных конструкций 
606 1 |a Стальные конструкции  |x Монтаж  |2 stltpush  |3 (RuTPU)RU\TPU\subj\56686  |9 74577 
606 1 |a Железобетонные конструкции  |x Склеивание  |2 stltpush  |3 (RuTPU)RU\TPU\subj\10665  |9 37705 
610 1 |a здания 
610 1 |a сооружения 
610 1 |a строительные конструкции 
610 1 |a строительные материалы 
610 1 |a сборные конструкции 
610 1 |a монтажные соединения 
610 1 |a такелажные работы 
610 1 |a монтажные работы 
610 1 |a монтажное оборудование 
610 1 |a подмостки 
675 |a 693.814.057  |z rus  |v 3 
675 |a 69.057.4  |z rus  |v 3 
700 1 |a Корниенко  |b В. С.  |g Виктор Степанович  |4 070 
701 1 |a Корниенко  |b А. В.  |g Алексей Викторович 
701 1 |a Рзаев  |b М. А.  |g Мамед Аликперович 
702 1 |a Рзаев  |b Мамед Аликперович  |4 070 
801 0 |a RU  |b RuMRKP  |c 19950704  |g psbo 
801 1 |a RU  |b 63413507  |c 20150708 
801 2 |a RU  |b 63413507  |c 20190607  |g RCR 
942 |c BK